| 000 | 00762nam a22002177a 4500 | ||
|---|---|---|---|
| 005 | 20100802150512.0 | ||
| 010 | _aENG-97578 | ||
| 020 |
_a9788190775717 _c200.00 |
||
| 035 | _aEN-81111 | ||
| 037 | _bDBAD/PUB | ||
| 082 | _a530.02462 | ||
| 100 |
_aAmutha, R _94362 |
||
| 245 |
_aEngineering physics-II / _cby R. Amutha |
||
| 260 |
_aTiruchengode _bPranav Publication _c2010 |
||
| 270 |
_aNo.5, 5th Street, Thailambigai Nagar _bTiruchengode _e637211 |
||
| 300 |
_avarious pagings: _bill. _c24cm (pbk) |
||
| 500 | _aIncludes index | ||
| 650 |
_aPhysics _94363 |
||
| 942 |
_2ddc _cEN _h530.02462 _mAMU |
||
| 999 |
_c38718 _d38718 |
||